International Marketing (Record no. 859)

MARC details
005 - DATE AND TIME OF LATEST TRANSACTION
control field 20250318082834.0
020 ## - INTERNATIONAL STANDARD BOOK NUMBER
International Standard Book Number 0 434 91509 2
082 ## - DEWEY DECIMAL CLASSIFICATION NUMBER
Classification number 658.848 PAL
100 ## - MAIN ENTRY--PERSONAL NAME
Author name PALIWODA, S. J.
245 ## - TITLE STATEMENT
Title International Marketing
260 ## - PUBLICATION, DISTRIBUTION, ETC.
Name of publisher, distributor, etc. Heinemann Professional Publishing
300 ## - PHYSICAL DESCRIPTION
Extent xii, 308p.: ill.; figure, map, table
Other physical details Index, reference
Dimensions 23cm.
942 ## - ADDED ENTRY ELEMENTS (KOHA)
Source of classification or shelving scheme Dewey Decimal Classification
Koha item type Books
Holdings
Date last seen Total checkouts Full call number Barcode Cost, replacement price Price effective from Koha item type Lost status Source of classification or shelving scheme Damaged status Not for loan Withdrawn status Home library Current library Shelving location Date acquired Cost, normal purchase price
03/18/2025   658.84 PAL 0000003334 60000.00 03/18/2025 Books   Dewey Decimal Classification       College of Business Education Main Library College of Business Education Main Library General Collection 03/18/2025 20000.00
03/18/2025   658.84 PAL 0000003335 60000.00 03/18/2025 Books   Dewey Decimal Classification       College of Business Education Main Library College of Business Education Main Library General Collection 03/18/2025 20000.00